| 000 | 01137nam a22003257a 4500 | ||
|---|---|---|---|
| 001 | BR0501011 | ||
| 003 | BR-BrBNA | ||
| 005 | 20230928101818.0 | ||
| 007 | ta | ||
| 008 | 230509b bl.||||| |||| 00| 0 por d | ||
| 040 |
_aBR-BrBNA _bpor _cBiblioteca Nacional de Agricultura |
||
| 041 | _a(Por) | ||
| 072 |
_aL01; E14 _b7100 _b9340 |
||
| 090 | _ 7100 BR0501011 | ||
| 110 | 1 |
_aSecretaria da Agricultura, Irrigação e Reforma Agrária do Estado da Bahia, Cruz das Almas (Brasil) _98472 |
|
| 110 | 1 |
_aUniversidade Federal da Bahia, Cruz das Almas (Brasil). Escola de Agronomia _910428 |
|
| 111 | 1 |
_a8. Encontro Estadual de Apicultura _cCruz das Almas, BA (Brazil) _d27-30 Oct 2003 |
|
| 245 | 1 | _aAnais do 8. Encontro Estadual de Apicultura; 25 anos de apicultura na Bahia; diagnóstico e perspectivas; 3. Feira Estadual | |
| 260 | 3 |
_aCruz das Almas, BA (Brasil): _c2003. |
|
| 300 | _a96 p. | ||
| 650 | _aABELHA | ||
| 650 | _aMEL | ||
| 650 | _aAPICULTURA | ||
| 650 | _aPOLINIZAÇÃO | ||
| 650 | _aDESENVOLVIMENTO SUSTENTÁVEL | ||
| 650 | _aMERCADO | ||
| 650 | _aBAHIA | ||
| 909 |
_a202309 _bLucia _c55 _dLucia Elande |
||
| 942 | _cBK | ||
| 999 |
_c67708 _d67708 |
||